000 00623nab a2200169 4500
003 ES-SlBCS
005 20220602105810.0
008 150902s2015 sp ||||| |||| 00| 0 spa d
040 _aES-SlBCS
_bspa
100 1 _aArrimadas Gómez, Irene
_9255152
245 1 1 _a¿Quién quiero ser como persona y como sociedad?
_b: Acompañamiento pedagógico y emocional
_cIrene Arrimadas ; Loli García ; Ángela Matallanos
650 0 4 _aEducación
_986687
700 1 _aGarcía García, Loli
_9407092
700 1 _aMatallanos, Ángela
_9408879
773 0 _gNº 254, 2015, págs. 44-54
_tEducadores
_wRev370
_x0013-1113
942 _2lcc
_cAR
999 _c853431
_d853431